000 00304nam a22001457a 4500
008 230906b ||||| |||| 00| 0 eng d
020 _a2800393048430
041 _aeng
080 _a101
082 _a101WOL
100 _a44
101 _aFILOZ
245 _aMORAL FREDOM
_cWOLFE.A
942 _2udc
_cBK
999 _c60258
_d60258